| 000 | 00681nam a22002057a 4500 | ||
|---|---|---|---|
| 005 | 20251108164714.0 | ||
| 008 | 250721s1972 xx 000 0 ara d | ||
| 082 | 1 | 4 | _a811.909611/إيل |
| 100 | 1 | _aالحاوي، إيليا | |
| 245 | 1 | 0 | _aأبو القاسم الشابي شاعر الحياة و الموت / |
| 264 | 1 |
_aالقاهرة : _bدار الكتاب المصري، _c1972. |
|
| 300 | _a317ص | ||
| 490 | 0 | _aالشعر العربي المعاصر : دراسة و تقييم ؛ 3 | |
| 650 | 1 | 7 | _aالشعر العربي |
| 650 | 1 | 7 | _aالتاريخ الأدبي |
| 650 | 1 | 7 | _aالنقد الأدبي |
| 650 | 1 | 7 | _aتونس |
| 942 |
_2ddc _cBK |
||
| 999 |
_c12333 _d12333 |
||